| 000 | 00792nam a2200205 a 4500 | ||
|---|---|---|---|
| 003 | 0 | ||
| 005 | 20250528110321.0 | ||
| 008 | 021202s19uu xx 00 eng d | ||
| 050 |
_aPGS JV 8751 _b.C957 2001 |
||
| 100 | _aCruz, Louie Conrad T. | ||
| 245 |
_aPerceptions of Visa applicants on the political and economics status of the Phillipines / _cLouie Conrad T. Cruz. |
||
| 260 |
_aLas PiƱas City, Philippines : _bSouthville International School and Colleges, _c2001. |
||
| 300 |
_a18 pages : _billustrations ; _c28 cm. |
||
| 504 | _aIncludes bibliographical references. | ||
| 650 |
_aVisas _zPhilippines. |
||
| 650 |
_aPhilippines _vEconomic conditions. |
||
| 650 |
_aEmigration and immigration _vPublic opinion. |
||
| 650 |
_aPhilippines _vPolitics and government. |
||
| 942 |
_2lcc _cPASS |
||
| 999 |
_c96561 _d96561 |
||